000 00911nam a2200277Ia 4500
003 OSt
005 20221005060709.0
006 a|||||r|||| 00| 0
007 ta
008 221004b |||||||| |||| 00| 0 eng d
020 _a9780415439701 (hbk)
_c5888.25
024 _a97906
037 _b051, 29/10/2009, Independent Publishers Group
_cTextual
040 _aCRL
_cCRL
_beng
041 _2eng
_aeng
082 _aY:1.1, P8
100 _aArcher Kevin Ed.
_9599791
245 0 _aCultures of globalization
_b Coherence, hybridity, contestation
260 _aLondon
_bRoutledge Taylor & Francis UK
_c2008
300 _a150p.
_ccm.
490 _aRethinking globalizations
650 _aSOCIOLOGY
700 _a Bosman M. Martin Ed.
_9599792
942 _hY:1.1, P8
_cTEXL
_2cc
999 _c967081
_d967081